ბათუმის შოთა რუსთაველის სახელმწიფო უნივერსიტეტის ბიბლიოთეკა

რასობრივ სამსჯავროში (ბიბ.ჩანაწერი № 42113)

000 -LEADER
fixed length control field 00764nam a2200229Ia 4500
001 - CONTROL NUMBER
control field 8804
003 - CONTROL NUMBER IDENTIFIER
control field GE_BSU
008 - FIXED-LENGTH DATA ELEMENTS--GENERAL INFORMATION
fixed length control field 181216s||||||||xx |||||||||||||| ||und||
040 ## - CATALOGING SOURCE
Transcribing agency GE_BSU
080 ## - UNIVERSAL DECIMAL CLASSIFICATION NUMBER
Universal Decimal Classification number 821.353.1-31
100 ## - MAIN ENTRY--PERSONAL NAME
Personal name კალანდაძე,ალექსანდრე
245 ## - TITLE STATEMENT
Title რასობრივ სამსჯავროში
245 ## - TITLE STATEMENT
Remainder of title დოკ.რომანი
245 ## - TITLE STATEMENT
Statement of responsibility, etc. რედ:ლ.გოგოხია;მხატვ:გ წერეთელი
260 ## - PUBLICATION, DISTRIBUTION, ETC.
Place of publication, distribution, etc. თბილისი.
260 ## - PUBLICATION, DISTRIBUTION, ETC.
Name of publisher, distributor, etc. ნაკადული.
260 ## - PUBLICATION, DISTRIBUTION, ETC.
Date of publication, distribution, etc. 1973
300 ## - PHYSICAL DESCRIPTION
Extent 271გვ;20სმ
653 ## - INDEX TERM--UNCONTROLLED
Uncontrolled term დოკ.რომანი
653 ## - INDEX TERM--UNCONTROLLED
Uncontrolled term რასობრივ სამსჯავროში
942 ## - ADDED ENTRY ELEMENTS (KOHA)
Koha item type წიგნი
ეგზემპლარები
Withdrawn status Lost status Damaged status Not for loan Date acquired Barcode Date last seen Price effective from Koha item type
        2018-12-17 31262 2018-12-17 2018-12-17 წიგნი
        2018-12-17 31263 2018-12-17 2018-12-17 წიგნი